|
|
|
|
| LEADER |
01337nam a2200313 a 4500 |
| 001 |
15346969 |
| 003 |
BD-DhAAL |
| 008 |
080627s2009 cau bf 001 0 eng d |
| 010 |
|
|
|a 2008932160
|
| 020 |
|
|
|a 9788132102915
|
| 020 |
|
|
|a 141290790X (hbk.)
|
| 020 |
|
|
|a 9781412907903 (hbk.)
|
| 020 |
|
|
|a 1412907918 (pbk.)
|
| 020 |
|
|
|a 9781412907910 (pbk.)
|
| 040 |
|
|
|a UKM
|c UKM
|d YDXCP
|d BWKUK
|d DLC
|
| 082 |
0 |
4 |
|a 070.5
|2 22
|
| 100 |
1 |
|
|a Caro, Sarah.
|9 58744
|
| 245 |
1 |
0 |
|a How to publish your PhD :
|b a practical guide for the humanities and social sciences /
|c Sarah Caro.
|
| 260 |
|
|
|a Los Angeles ;
|a London :
|b SAGE,
|c 2009.
|
| 300 |
|
|
|a vii, 136 pages ;
|c 22 cm.
|
| 504 |
|
|
|a Includes bibliographical references (p. 133-134) and index.
|
| 526 |
|
|
|x Requisitioned by Faculties of BBS
Course name and no : N/A
|
| 541 |
1 |
|
|a Karim International
|e 00019597
|
| 650 |
|
0 |
|a Scholarly publishing
|v Handbooks, manuals, etc.
|9 11371
|
| 650 |
|
0 |
|a Academic writing
|v Handbooks, manuals, etc.
|
| 852 |
4 |
|
|a Ayesha Abed Library
|j General Shelf
|
| 942 |
|
|
|2 ddc
|c BK
|
| 999 |
|
|
|c 5520
|d 5520
|
| 952 |
|
|
|0 0
|1 0
|2 ddc
|4 0
|6 070_500000000000000_CAR
|7 0
|9 5395
|a BRACUL
|b BRACUL
|c GEN
|d 2009-11-14
|e Karim Interantional
|g 246.00
|l 2
|m 30
|o 070.5 CAR
|p 3010019597
|r 2024-10-30
|s 2024-01-28
|t 1
|w 2009-11-15
|y BK
|x Requisitioned by Faculties of BBS. Course name and no. "not available".
|